MARC details
| 000 -CABECERA |
| campo de control de longitud fija |
01844cam a2200325 i 4500 |
| 001 - NÚMERO DE CONTROL |
| campo de control |
17612767 |
| 005 - FECHA Y HORA DE LA ÚLTIMA TRANSACCIÓN |
| campo de control |
20251008101452.0 |
| 008 - DATOS DE LONGITUD FIJA--INFORMACIÓN GENERAL |
| campo de control de longitud fija |
241113t20252025njua b 001 0 eng c |
| 010 ## - NÚMERO DE CONTROL DE LA BIBLIOTECA DEL CONGRESO |
| Número de control de LC |
2024049789 |
| 020 ## - NÚMERO INTERNACIONAL ESTÁNDAR DEL LIBRO |
| Número Internacional Estándar del Libro |
9781394273768 |
| 035 ## - NÚMERO DE CONTROL DEL SISTEMA |
| Número de control de sistema |
(DLC) 2024049789 |
| 035 ## - NÚMERO DE CONTROL DEL SISTEMA |
| Número de control de sistema |
17612767 |
| 040 ## - FUENTE DE LA CATALOGACIÓN |
| Centro catalogador/agencia de origen |
WaSeSS/DLC |
| Lengua de catalogación |
eng |
| Normas de descripción |
rda |
| Centro/agencia transcriptor |
DLC |
| Centro/agencia modificador |
SINLB |
| -- |
YDX |
| -- |
IG# |
| -- |
OCLCO |
| -- |
YDX |
| 041 ## - CÓDIGO DE LENGUA |
| Código de lengua del texto/banda sonora o título independiente |
eng |
| 042 ## - CÃDIGO DE AUTENTICACIÃN |
| Código de autenticación |
pcc |
| 050 00 - SIGNATURA TOPOGRÁFICA DE LA BIBLIOTECA DEL CONGRESO |
| Número de clasificación |
HF5415 |
| Número de documento/Ítem |
.A3785 2025 |
| 100 ## - ENTRADA PRINCIPAL--NOMBRE DE PERSONA |
| Nombre de persona |
Albinsson, Pia A. |
| Fechas asociadas al nombre |
1975- |
| Término indicativo de función/relación |
author |
| 9 (RLIN) |
26057 |
| 245 10 - MENCIÓN DE TÍTULO |
| Título |
Marketing and sustainability |
| Resto del título |
: contradiction or the path to profitable businesses and sustainable societies? |
| Mención de responsabilidad, etc. |
/ Pia A. Albinsson, Hugo Guyader, Mikael Ottosson, Anders Parment. |
| 260 ## - PUBLICACIÓN, DISTRIBUCIÓN, ETC. |
| Lugar de publicación, distribución, etc. |
Hoboken, NJ : |
| Nombre del editor, distribuidor, etc. |
Wiley, |
| Fecha de publicación, distribución, etc. |
2025. |
| 300 ## - DESCRIPCIÓN FÍSICA |
| Extensión |
xviii, 270 pages : |
| Otras características físicas |
illustrations ; |
| Dimensiones |
25 cm |
| 504 ## - NOTA DE BIBLIOGRAFÍA, ETC. |
| Nota de bibliografía, etc. |
Includes bibliographical references and index. |
| 520 ## - SUMARIO, ETC. |
| Sumario, etc. |
This book aims to equip students and practitioners in business and marketing with an in-depth understanding of sustainability issues and how sustainability can be incorporated into business. Coverage includes Marketing and Sustainability; Is there such a thing as Sustainable Consumers?; Factors influencing consumers and their choices; Sustainable marketing practices; Sustainable services; Marketing Communications (how to communicate sustainability initiatives); How to be heard in a branded world; Sustainability Business Models (including Product-service systems, social enterprises, and sharing economy business models); Sustainable Marketing Channels; Sustainable Pricing. |
| 650 #0 - PUNTO DE ACCESO ADICIONAL DE MATERIA--TÉRMINO DE MATERIA |
| Término de materia o nombre geográfico como elemento de entrada |
Marketing |
| 9 (RLIN) |
1020 |
| 650 #0 - PUNTO DE ACCESO ADICIONAL DE MATERIA--TÉRMINO DE MATERIA |
| Término de materia o nombre geográfico como elemento de entrada |
Business enterprises |
| Subdivisión general |
Environmental aspects |
| 9 (RLIN) |
13728 |
| 650 #0 - PUNTO DE ACCESO ADICIONAL DE MATERIA--TÉRMINO DE MATERIA |
| Término de materia o nombre geográfico como elemento de entrada |
Marketing |
| Subdivisión general |
Management |
| 9 (RLIN) |
9256 |
| 700 ## - ENTRADA AGREGADA--NOMBRE PERSONAL |
| Nombre de persona |
Guyader, Hugo |
| Término indicativo de función/relación |
author |
| 9 (RLIN) |
26058 |
| 700 ## - ENTRADA AGREGADA--NOMBRE PERSONAL |
| Nombre de persona |
Ottosson, Mikael |
| Término indicativo de función/relación |
author |
| 9 (RLIN) |
26059 |
| 700 ## - ENTRADA AGREGADA--NOMBRE PERSONAL |
| Nombre de persona |
Parment, Anders |
| Fechas asociadas al nombre |
1972- |
| Término indicativo de función/relación |
author |
| 9 (RLIN) |
26060 |
| 942 ## - ELEMENTOS DE ENTRADA AGREGADA (KOHA) |
| Fuente del sistema de clasificación o colocación |
Clasificación de Library of Congress |